Театральный календарь на 1975 год

Podrobná bibliografie
Další autoři: Елизарова И. И. (составитель), Миронова В. М.
Jazyk:ruština
Vydáno: Ленинград, Искусство, 1974
Témata:
Médium: MixedMaterials Kniha
KOHA link:https://koha.lib.tpu.ru/cgi-bin/koha/opac-detail.pl?biblionumber=131536

MARC

LEADER 00000nam0a2200000 4500
001 131536
005 20231031134514.0
035 |a (RuTPU)RU\TPU\book\142462 
090 |a 131536 
100 |a 20080219d1974 m y0rusy50 ca 
101 0 |a rus 
102 |a RU 
105 |a a z 001zy 
200 1 |a Театральный календарь на 1975 год  |f сост. И. И. Елизарова , В. М. Миронова 
210 |a Ленинград  |c Искусство  |d 1974 
215 |a 225 с.  |c ил. 
320 |a Алф. указ.: с. 223. 
610 1 |a театры 
610 1 |a календари 
610 1 |a знаменательные даты 
610 1 |a история 
675 |a 792с  |v 3 
702 1 |a Елизарова  |b И. И.  |4 220 
702 1 |a Миронова  |b В. М.  |4 220 
801 1 |a RU  |b 63413507  |c 20080219  |g PSBO 
801 2 |a RU  |b 63413507  |c 20190408  |g PSBO 
942 |c BK